Miasta w powiecie wolominskim - Statystyki

Ogólne statystyki
  • Ten quiz został rozwiązany 134 razy
  • Średni wynik to 6 z 7
Statystyki odpowiedzi
Liczba mieszkańców w tys. Miasto % Poprawnych
37,3 Wołomin
98%
35,3 Ząbki
86%
31,1 Marki
83%
18,7 Zielonka
83%
21,4 Kobyłka
76%
8,1 Tłuszcz
74%
12,2 Radzymin
73%
Nie znaleziono quizów pasujących do podanych kryteriów
Rozkład punktacji
Procent ludzi z każdym wynikiem
Percentyl według liczby udzielonych odpowiedzi
Twoja historia wyników
Nie rozwiązałeś tego quizu